<?xml version="1.0" encoding="UTF-8"?>
<record
    xmlns:xsi="http://www.w3.org/2001/XMLSchema-instance"
    xsi:schemaLocation="http://www.loc.gov/MARC21/slim http://www.loc.gov/standards/marcxml/schema/MARC21slim.xsd"
    xmlns="http://www.loc.gov/MARC21/slim">

  <leader>01961nam a22002177a 4500</leader>
  <controlfield tag="003">OSt</controlfield>
  <controlfield tag="005">20211207110639.0</controlfield>
  <controlfield tag="008">120530t        xxu||||| |||| 00| 0 eng d</controlfield>
  <datafield tag="024" ind1=" " ind2=" ">
    <subfield code="a">1453901091314</subfield>
  </datafield>
  <datafield tag="040" ind1=" " ind2=" ">
    <subfield code="c">LC</subfield>
  </datafield>
  <datafield tag="050" ind1=" " ind2=" ">
    <subfield code="a">HF5686.A17</subfield>
  </datafield>
  <datafield tag="245" ind1=" " ind2=" ">
    <subfield code="a">Accounting and business analysis. /</subfield>
  </datafield>
  <datafield tag="246" ind1=" " ind2=" ">
    <subfield code="a">BUS 2257 - First Term 2010-2011.</subfield>
  </datafield>
  <datafield tag="260" ind1=" " ind2=" ">
    <subfield code="a">London, Ontario:</subfield>
    <subfield code="b">Ivey Business School, </subfield>
    <subfield code="c">2010.</subfield>
  </datafield>
  <datafield tag="300" ind1=" " ind2=" ">
    <subfield code="a">[various pagings].:</subfield>
    <subfield code="b">ill.;</subfield>
  </datafield>
  <datafield tag="490" ind1=" " ind2=" ">
    <subfield code="3">Business case studies</subfield>
  </datafield>
  <datafield tag="505" ind1=" " ind2=" ">
    <subfield code="a">Contents:  Forest city tennis club -- Sammy's parking --  Pergola fish finders Inc -- Saskatoon country supplies -- Merlin's magic mansion -- Foote's print and design shop Inc -- Winnifred's waveless waterbeds -- Mr. fastball -- Inventory procedure using the T- accounting system -- Pacific restaurant supply Ltd -- Blendpro distributors Inc -- Lapeux Eau de toilette -- Up-in-smoke corporation -- Wild river tours -- Note on extraordinary repairs -- Captain Tom's sky tours Ltd -- P.J.'s publishing Ltd -- Bambooya corporation -- The feasibility study -- Energy vending, Inc -- Accounting for manufacturing activities -- Creative chips (Abridged) -- Dawson stamping company -- Wave manufacturing company -- Kesey's mailboxes(Abridged) Canfam limited -- Speedy-couriers limited -- Fairmont properties limited(A) -- Fairmont Properties limited (B) -- Zorro's limited -- Highland resources incorporated -- Stopagon company Ltd. -- Stocks, bonds, marketable securities: a summary -- Solving business 2257 comprehensive accounting cases -- webmor Inc. -- Innovative lighting Inc. -- Hopper petroleum limited -- Bentley manufacturing Inc.(Abridged) -- Cabinet creations Ltd. -- Ontario carpet manufactures Inc. (Abridged) -- A note on financing alternatives -- Notes on Marketing management -- The behavior costs -- Foxy original - expansion into the U.S. markets --</subfield>
  </datafield>
  <datafield tag="653" ind1=" " ind2=" ">
    <subfield code="a"> Social structure. </subfield>
    <subfield code="a">Accounting</subfield>
  </datafield>
  <datafield tag="710" ind1=" " ind2=" ">
    <subfield code="b">Ivey Business School</subfield>
  </datafield>
  <datafield tag="942" ind1=" " ind2=" ">
    <subfield code="2">lcc</subfield>
    <subfield code="c">BK</subfield>
  </datafield>
  <datafield tag="999" ind1=" " ind2=" ">
    <subfield code="c">8201</subfield>
    <subfield code="d">15701</subfield>
  </datafield>
  <datafield tag="952" ind1=" " ind2=" ">
    <subfield code="0">0</subfield>
    <subfield code="1">0</subfield>
    <subfield code="2">lcc</subfield>
    <subfield code="4">0</subfield>
    <subfield code="7">0</subfield>
    <subfield code="a">WIUC-KL</subfield>
    <subfield code="b">WIUC-KL</subfield>
    <subfield code="c">GEN</subfield>
    <subfield code="d">2019-11-11</subfield>
    <subfield code="e">WIUC</subfield>
    <subfield code="h">ACC/Ric</subfield>
    <subfield code="o">HF5686.A17</subfield>
    <subfield code="p">K/1885/1885/19</subfield>
    <subfield code="r">2021-12-06 00:00:00</subfield>
    <subfield code="w">2021-12-06</subfield>
    <subfield code="y">BK</subfield>
    <subfield code="z">Part of the Ivey Collection. Shelved alphabetically by title </subfield>
  </datafield>
</record>
